Úspech sales promo je v zážitku

Prienik medzi celospoločenským vývojom a trendmi v oblasti sales promotion. Rozdiely oproti zahraničiu. Nedostatok kvalitných sales promotérov.

Enregistré dans:
Détails bibliographiques
Auteur principal: Raševová, Kristína
Format: Chapitre de livre
Langue:slovaque
Sujets:
Tags: Ajouter un tag
Pas de tags, Soyez le premier à ajouter un tag!

MARC

LEADER 00000naa a2200000 4500
001 0259997
005 20200306132112.6
041 0 |a slo 
044 |a CZ 
245 1 0 |a Úspech sales promo je v zážitku  |c Kristína Raševová 
520 |a Prienik medzi celospoločenským vývojom a trendmi v oblasti sales promotion. Rozdiely oproti zahraničiu. Nedostatok kvalitných sales promotérov. 
610 2 0 |a podpora predaja 
610 2 0 |a digitalizácia 
610 2 0 |a služby zákaznícke 
610 2 0 |a propagácia 
100 1 |a Raševová, Kristína